English for special purpose / (Record no. 124154)
[ view plain ]
| 000 -LEADER | |
|---|---|
| fixed length control field | 00744nam a22002537a 4500 |
| 003 - CONTROL NUMBER IDENTIFIER | |
| control field | dpl |
| 005 - DATE AND TIME OF LATEST TRANSACTION | |
| control field | 20190123133236.0 |
| 008 - FIXED-LENGTH DATA ELEMENTS--GENERAL INFORMATION | |
| fixed length control field | 181218b ||||| |||| 00| 0 eng d |
| 010 ## - LIBRARY OF CONGRESS CONTROL NUMBER | |
| LC control number | B-121697 |
| 020 ## - INTERNATIONAL STANDARD BOOK NUMBER | |
| Terms of availability | 175.00 |
| International Standard Book Number | 8178900912 |
| 035 ## - SYSTEM CONTROL NUMBER | |
| System control number | B-121697, B-121710 |
| 035 ## - SYSTEM CONTROL NUMBER | |
| System control number | B-121707 |
| 037 ## - SOURCE OF ACQUISITION | |
| Source of stock number/acquisition | Cen Lib/Ret |
| 040 ## - CATALOGING SOURCE | |
| Original cataloging agency | DPL |
| Language of cataloging | EN |
| Transcribing agency | 0 |
| 082 ## - DEWEY DECIMAL CLASSIFICATION NUMBER | |
| Classification number | 480 |
| Item number | FOS |
| 100 ## - MAIN ENTRY--PERSONAL NAME | |
| Personal name | Foster, N. |
| 9 (RLIN) | 9567 |
| 245 ## - TITLE STATEMENT | |
| Title | English for special purpose / |
| Statement of responsibility, etc | by N. Foster |
| 260 ## - PUBLICATION, DISTRIBUTION, ETC. (IMPRINT) | |
| Place of publication, distribution, etc | New Delhi |
| Name of publisher, distributor, etc | IVY Publishing House |
| Date of publication, distribution, etc | 2004 |
| 270 ## - ADDRESS | |
| Address | 4740/23, Ansari Road , Daryaganj |
| City | New Delhi |
| Postal code | 110002 |
| 300 ## - PHYSICAL DESCRIPTION | |
| Extent | 109p. |
| Dimensions | 21cm(Hb) |
| 650 ## - SUBJECT ADDED ENTRY--TOPICAL TERM | |
| Topical term or geographic name as entry element | English language |
| 9 (RLIN) | 1922 |
| 650 ## - SUBJECT ADDED ENTRY--TOPICAL TERM | |
| Topical term or geographic name as entry element | English philology |
| 9 (RLIN) | 9568 |
| 942 ## - ADDED ENTRY ELEMENTS (KOHA) | |
| Source of classification or shelving scheme | Dewey Decimal Classification |
| Koha item type | English Books |
| Classification part | 480 |
| Call number suffix | FOS |
| Withdrawn status | Lost status | Damaged status | Not for loan | Home library | Current library | Date acquired | Source of acquisition | Cost, normal purchase price | Total Checkouts | Full call number | Barcode | Date last seen | Date checked out | Copy number | Cost, replacement price | Price effective from | Koha item type | Source of classification or shelving scheme | Collection code | Coded location qualifier |
|---|---|---|---|---|---|---|---|---|---|---|---|---|---|---|---|---|---|---|---|---|
| Central Library | Central Library | 13/06/2015 | Cen Lib/Ret | 0.00 | 7 | 480 FOS | B-121697 | 16/09/2021 | 04/09/2021 | 1 | 0.00 | 13/06/2015 | English Books | |||||||
| Qila Rai Pithora | Qila Rai Pithora | 23/01/2019 | IVY Publishing House | 1 | 480 FOS | B-121707 | 09/02/2019 | 23/01/2019 | 5+1 | 175.00 | 23/01/2019 | English Books | Dewey Decimal Classification | Non-fiction | 175.00 | |||||
| Vigyan Vihar | Vigyan Vihar | 18/12/2018 | BPPD/PUB | 175.00 | 480 FOS | B-121710 | 18/12/2018 | 175.00 | 18/12/2018 | English Books | Dewey Decimal Classification | Non-fiction | ||||||||
| Yojana Vihar | Yojana Vihar | 12/10/2019 | BPPD/PUB | 175.00 | 1 | 480 FOS | B-121709 | 12/10/2019 | 12/10/2019 | 175.00 | 12/10/2019 | English Books | Dewey Decimal Classification | Non-fiction |
